| 000 | 01358nam a2200217Ia 4500 | ||
|---|---|---|---|
| 001 | b6914-50067 | ||
| 003 | IT-MiCISF | ||
| 008 | 161014s9999||||xx |||||||||||||| ||und|| | ||
| 040 |
_aIT-MiCISF _cIT-MiCISF |
||
| 041 | _ait | ||
| 100 | _aPerez-Soba Juan José (a cura di) | ||
| 245 | 0 |
_aL'amore principio di vita sociale _bCaritas Aedificat (1 cor 8,1) |
|
| 250 | _a1a ed. | ||
| 260 |
_a Siena _bCantagalli _c2011 |
||
| 300 | _app. 427 | ||
| 500 | _aMelina L., Perez-Soba J.J., Magdic M., Kwasnieski P.A., Prieto Lucena A., Donati P., Somme L.T., Kampowski S., Archer M.S., Felice F., Harold P.J., Binasco M., Diriart A., Guerzoni G., De Dios Larrù J., Malaspina L.D. / amore, società, chiesa, teologia / L'amore, che sembra la forza principale per la vita umana, non è forse troppo debole per la costruzione di una società complessa come la nostra? Il sistema di giustizia vigente nelle nostre società non lo ha forse messo da parte come superfluo? La risposta di San Paolo è chiara: "la carità edifica" (1Cor 8,1) la Chiesa e, per analogia, qualunque società. L'amore, con il suo valore conoscitivo, precede ogni azione umana ed è il fondamento delle relazioni personali essenziali per la vita sociale. | ||
| 650 |
_a Temi di pastorale / pastorale _e012 |
||
| 700 | _aMagdic Marija (a cura di) | ||
| 942 | _cBK | ||
| 957 | _71 | ||
| 999 |
_a50067 _bsi _g1 _c210081 _d210081 |
||